Catálogo

Kierkegaard y la filosofía analítica / (Registro nro. 36636)

Detalles MARC
000 -LEADER
fixed length control field 02413cam a2200397 i 4500
001 - CONTROL NUMBER
control field 36636
003 - CONTROL NUMBER IDENTIFIER
control field Mx-PuUPA
005 - DATE AND TIME OF LATEST TRANSACTION
control field 20201021111455.0
008 - FIXED-LENGTH DATA ELEMENTS--GENERAL INFORMATION
fixed length control field 140415s2016 mx r 000 0 spa d
020 ## - INTERNATIONAL STANDARD BOOK NUMBER
International Standard Book Number 9786074174380
040 ## - CATALOGING SOURCE
Original cataloging agency MX-PuUPA
Language of cataloging spa
Description conventions rda
Transcribing agency Mx-PuUPA
Modifying agency Mx-PuUPA
041 0# - LANGUAGE CODE
Language code of text/sound track or separate title spa
130 1# - MAIN ENTRY--UNIFORM TITLE
Uniform title Kierkegaard as a link between modern philosophy and the linguistic turn
245 10 - TITLE STATEMENT
Title Kierkegaard y la filosofía analítica /
Statement of responsibility, etc. compilador y traductor, Alejandro Vázquez del Mercado.
250 ## - EDITION STATEMENT
Edition statement Primera edición
264 #1 - PRODUCTION, PUBLICATION, DISTRIBUTION, MANUFACTURE, AND COPYRIGHT NOTICE
Place of production, publication, distribution, manufacture Ciudad de México :
Name of producer, publisher, distributor, manufacturer Universidad Iberoamericana,
-- Biblioteca Francisco Xavier Clavigero,
Date of production, publication, distribution, manufacture, or copyright notice 2016
300 ## - PHYSICAL DESCRIPTION
Extent 377 páginas ;
Dimensions 21 cm.
336 ## - CONTENT TYPE
Content type term texto
Fuente rdacontent
Content type code txt
337 ## - MEDIA TYPE
Media type term sin medio
Source rdamedia
Media type code n
338 ## - CARRIER TYPE
Carrier type term volumen
Source rdacarrier
Carrier type code nc
600 14 - SUBJECT ADDED ENTRY--PERSONAL NAME
Personal name Kiergegaard, Søren, 1813-1855
General subdivision Crítica e interpretación
700 1# - ADDED ENTRY--PERSONAL NAME
Relationship information Traducción de: Vázquez del Mercado, Alejandro,
Title of a work Kierkegaard as a link between modern philosophy and the linguistic turn.
Language of a work Español
700 1# - ADDED ENTRY--PERSONAL NAME
Personal name Vázquez del Mercado Hernández, Alejandro,
Relator term compilador
-- traductor
9 (RLIN) 6249
700 1# - ADDED ENTRY--PERSONAL NAME
Relationship information Traducción de:
Personal name Adams, Robert M.
Title of a work "Kiergegaards Arguments Against Objective Reasoning In Religion" en The Monist: An International Quarterly Journal of General Philosophical Inquiry, The Hegeler Institute, La Salle, Illinois, reproducido con autorización.
700 1# - ADDED ENTRY--PERSONAL NAME
Relationship information Traducción de:
Personal name Cavell, Stanley,
Title of a work "kierkegaards On Authority and Revelation".
700 1# - ADDED ENTRY--PERSONAL NAME
Relationship information Traducido de:
Personal name Conant, James,
Title of a work "Kierkegaard, Wittgestein and Nonsense"
700 1# - ADDED ENTRY--PERSONAL NAME
Relationship information Traducido de:
Personal name Evans, C. Stephen,
Title of a work "Realism and Antirealism in Kierkegaards Concluding Unscientific Postscript"
700 1# - ADDED ENTRY--PERSONAL NAME
Relationship information Traducción de:
Personal name Lübcke, Poul,
Title of a work "A comparative and Critical Appraisal of Climacus" Theory of Modalities in the Interlude"
700 1# - ADDED ENTRY--PERSONAL NAME
Relationship information Traducción de:
Personal name Ramsland, Katherine,
Title of a work "Gracie and Kierkegaard: Implication and communication".
700 1# - ADDED ENTRY--PERSONAL NAME
Relationship information Traducción de:
Personal name Rudd, Anthony,
Title of a work "Reason in Ethics: MacIntyre an Kierkegaard".
700 1# - ADDED ENTRY--PERSONAL NAME
Relationship information Traducción de la obra:
Personal name Stokes, Patrick,
Title of a work "Fearful Asimmetry: Kierkegaardss Search for the Direction of Time"
700 1# - ADDED ENTRY--PERSONAL NAME
Relationship information Traducción de:
Personal name Stand, Narve. K,
Title of a work "Kierkegaard as a Link Between Modern Philosophy and the Linguistic Turn".
942 ## - ADDED ENTRY ELEMENTS (KOHA)
Source of classification or shelving scheme Dewey Decimal Classification
Koha item type Libro
Classification part 198.9
Item part K475
Existencias
Withdrawn status Lost status Source of classification or shelving scheme Damaged status Not for loan Collection code Home library Current library Shelving location Date acquired Source of acquisition Total Checkouts Full call number Barcode Date last seen Date last checked out Price effective from Koha item type
    Dewey Decimal Classification     General Biblioteca Karol Wojtyla Biblioteca Karol Wojtyla Sala general 17/11/2017 Compra 1 198.9 K475 2016 98886 07/12/2019 16/11/2019 15/01/2018 Libro